000
00255nam a22001217a 4500
003
SGT
082
_a
346.02
_b
UNI
100
_a
UNIVERSAL
245
_a
THE SPECIFIC RELIEF ACT 1963
260
_a
GURUGRAM
_b
UNIVERSAL
_c
2026
300
_a
23
942
_2
ddc
_c
BK
999
_c
34083
_d
34083